LEADER 02166nam0 22004573i 450 001 UBO4508801 005 20251003044425.0 010 $a9788808520302 100 $a20211216d2021 ||||0itac50 ba 101 | $aita 102 $ait 181 1$6z01$ai $bxxxe 182 1$6z01$an 183 1$6z01$anc$2RDAcarrier 200 1 $aGenetica molecolare umana$fTom Strachan, Andrew Read 205 $a2. ed. Zanichelli condotta sulla 5. ed. inglese$fa cura di Rossella Tupler 210 $aBologna$cZanichelli$d2021 215 $aXV, 783 p.$cill.$d30 cm 300 $aContiene i requisiti per accedere alle risorse on-line 500 10$aHuman molecular genetics$3REA0039068$9REAV095157$922721 606 $aUomo$xGenetica molecolare$2FIR$3CFIC179998$9E 676 $a611.0181663$9CITOLOGIA UMANA. STRUTTURA MOLECOLARE$v23 686 $aQH 431$c$2C 696 $aUomo $aSpecie umana$aGenere umano 699 $aUomo$zUomo 699 $aUomo$ySpecie umana 699 $aUomo$yGenere umano 700 1$aStrachan$b, Tom$3REAV095157$4070$0101628 701 1$aRead$b, Andrew P.$3AQ1V002474$4070$0101630 702 1$aTupler$b, Rossella$3PUVV448108$4340 790 1$aRead$b, Andrew$f <1939- >$3CFIV279668$zRead, Andrew P. 790 1$aTupler$b, Rossella Ginevra$3SBNV108382$zTupler, Rossella 790 1$aStrachan$b, Tom$3CFIV279667$zStrachan, Tom 801 3$aIT$bIT-000000$c20211216 850 $aIT-BN0095 901 $bNAP 01$cBCA $nComprende monografie e periodici di diritto, testi di ingegneria, di scienze e tecnologia di nuova acquisizione. 912 $aUBO4508801 950 0$aBiblioteca Centralizzata di Ateneo$bv. 1 (2. copia)$c1 v. in due copie$d 01BCA SC. TECNOL 315$e 01 0000127645 VMA 1 v. (LdT Prof. Vito e Prof.ssa Ambrosino)$fB $h20230922$i20230928$bv. 1 (2. copia)$c1 v. in due copie$d 01BCA SC. TECNOL 315$e 01 0000131735 VMA (bis 1 v. (2. copia. - LdT Prof. Vito e Prof.ssa Ambrosino)$fA $h20231204$i20231207 977 $a 01 996 $aHuman molecular genetics$922721 997 $aUNISANNIO LEADER 06648nam 22008655 450 001 9910483971503321 005 20251226200559.0 010 $a3-319-21840-9 024 7 $a10.1007/978-3-319-21840-3 035 $a(CKB)3710000000454210 035 $a(SSID)ssj0001558437 035 $a(PQKBManifestationID)16183554 035 $a(PQKBTitleCode)TC0001558437 035 $a(PQKBWorkID)14819387 035 $a(PQKB)10418961 035 $a(DE-He213)978-3-319-21840-3 035 $a(MiAaPQ)EBC6298913 035 $a(MiAaPQ)EBC5594670 035 $a(Au-PeEL)EBL5594670 035 $a(OCoLC)915762923 035 $a(PPN)187688877 035 $a(EXLCZ)993710000000454210 100 $a20150727d2015 u| 0 101 0 $aeng 135 $aurnn#008mamaa 181 $ctxt 182 $cc 183 $acr 200 10$aAlgorithms and Data Structures $e14th International Symposium, WADS 2015, Victoria, BC, Canada, August 5-7, 2015. Proceedings /$fedited by Frank Dehne, Jörg-Rüdiger Sack, Ulrike Stege 205 $a1st ed. 2015. 210 1$aCham :$cSpringer International Publishing :$cImprint: Springer,$d2015. 215 $a1 online resource (XIII, 646 p. 125 illus.) 225 1 $aTheoretical Computer Science and General Issues,$x2512-2029 ;$v9214 300 $aBibliographic Level Mode of Issuance: Monograph 311 08$a3-319-21839-5 327 $aContact Graphs of Circular Arcs -- Contact Representations of Graphs in 3D -- Minimizing the Aggregate Movements for Interval Coverage -- Online Bin Packing with Advice of Small Size -- On the Approximability of Orthogonal Order Preserving Layout Adjustment -- An Optimal Algorithm for Plane Matchings in Multipartite Geometric Graphs -- Generation of Colourings and Distinguishing Colourings of Graphs -- Strictly Implicit Priority Queues: On the Number of Moves and Worst-Case Time -- On Coct-Free Multi-Coloring -- Semi-dynamic connectivity in the plane -- Interval Selection in the Streaming Model -- On the Bounded-Hop Range Assignment Problem -- Greedy Is an Almost Optimal Deque -- A New Approach for Contact Graph Representations and Its Applications -- Communication and Dynamic Networks -- Dealing With 4-Variables by Resolution: An Improved MaxSAT Algorithm -- Select with Groups of 3 or 4 Approximating Nearest Neighbor Distances -- Linearity is Strictly More Powerful than Contiguity for Encoding Graphs -- On the Complexity of an Unregulated Traffic Crossing -- Finding Pairwise Intersections Inside a Query Range -- Cache-Oblivious Iterated Predecessor Queries via Range Coalescing -- Polylogarithmic Fully Retroactive Priority Queues -- On the Minimum Eccentricity Shortest Path Problem -- Convex polygons in geometric triangulations -- Straight-line Drawability of a Planar Graph Plus an Edge -- Solving Problems on Graphs of High Rank-Width -- The Parametric Closure Problem -- Rooted Cycle Bases -- On the Chain Pair Simplification Problem -- Finding Articulation Points of Large Graphs in Linear Time -- LP-based Approximation Algorithms for Facility Location in Buy-at-Bulk Network Design -- Universal Reconstruction of a String -- The complexity of dominating set reconfiguration -- Editing Graphs into Few Cliques: Complexity, Approximation, and Kernelization Schemes -- Competitive Diffusion on Weighted Graphs -- Sorting and Selection with Equality Comparisons -- Polynomial Delay Algorithm for Listing Minimal Edge Dominating sets in Graphs -- Fast and simple connectivity in graph timelines -- Dynamic Set Intersection -- Time-Space Trade-of is for Triangulations and Voronoi Diagrams -- A 2k-Vertex Kernel for Maximum Internal Spanning Tree -- Reconfiguration on sparse graphs -- Smoothed Analysis of Local Search Algorithms -- Optimal Shue Code with Permutation Instructions -- Non-Preemptive Scheduling on Machines with Setup Times -- A Moderately Exponential Time Algorithm for k -IBDD Satisfiability -- On the Parameterized Complexity of Girth and Connectivity Problems on Linear Matroids -- Inferring People's Social Behavior by Exploiting Their Spatiotemporal Location Data -- lastic Geometric Shape Matching for Point Sets under Translations -- Constant Time Enumeration by Amortization -- Computing the Center of Uncertain Points on Tree Networks -- Swapping Colored Tokens on Graphs. 330 $aThis book constitutes the refereed proceedings of the 14th Algorithms and Data Structures Symposium, WADS 2015, held in Victoria, BC, Canada, August 2015. The 54 revised full papers presented in this volume were carefully reviewed and selected from 148 submissions. The Algorithms and Data Structures Symposium - WADS (formerly Workshop on Algorithms And Data Structures), which alternates with the Scandinavian Workshop on Algorithm Theory, is intended as a forum for researchers in the area of design and analysis of algorithms and data structures. WADS includes papers presenting original research on algorithms and data structures in all areas, including bioinformatics, combinatorics, computational geometry, databases, graphics, and parallel and distributed computing. 410 0$aTheoretical Computer Science and General Issues,$x2512-2029 ;$v9214 606 $aAlgorithms 606 $aArtificial intelligence$xData processing 606 $aComputer science$xMathematics 606 $aDiscrete mathematics 606 $aComputer graphics 606 $aNumerical analysis 606 $aComputer networks 606 $aAlgorithms 606 $aData Science 606 $aDiscrete Mathematics in Computer Science 606 $aComputer Graphics 606 $aNumerical Analysis 606 $aComputer Communication Networks 615 0$aAlgorithms. 615 0$aArtificial intelligence$xData processing. 615 0$aComputer science$xMathematics. 615 0$aDiscrete mathematics. 615 0$aComputer graphics. 615 0$aNumerical analysis. 615 0$aComputer networks. 615 14$aAlgorithms. 615 24$aData Science. 615 24$aDiscrete Mathematics in Computer Science. 615 24$aComputer Graphics. 615 24$aNumerical Analysis. 615 24$aComputer Communication Networks. 676 $a005.3 702 $aDehne$b Frank$4edt$4http://id.loc.gov/vocabulary/relators/edt 702 $aSack$b Jörg-Rüdiger$4edt$4http://id.loc.gov/vocabulary/relators/edt 702 $aStege$b Ulrike$4edt$4http://id.loc.gov/vocabulary/relators/edt 801 0$bMiAaPQ 801 1$bMiAaPQ 801 2$bMiAaPQ 906 $aBOOK 912 $a9910483971503321 996 $aAlgorithms and Data Structures$91967417 997 $aUNINA